Tehiyot : (Record no. 33039)

MARC details
000 -LEADER
fixed length control field 00530cam a22002051 4500
001 - CONTROL NUMBER
control field he 68000703
003 - CONTROL NUMBER IDENTIFIER
control field DLC
005 - DATE AND TIME OF LATEST TRANSACTION
control field 20260227111455.0
008 - FIXED-LENGTH DATA ELEMENTS--GENERAL INFORMATION
fixed length control field 831214s1967 is 000 0 heb
010 ## - LIBRARY OF CONGRESS CONTROL NUMBER
LC control number he 68000703
035 ## - SYSTEM CONTROL NUMBER
System control number (OCoLC)19150183
040 ## - CATALOGING SOURCE
Original cataloging agency DLC
Transcribing agency MH
Modifying agency DLC
042 ## - AUTHENTICATION CODE
Authentication code premarc
050 00 - LIBRARY OF CONGRESS CALL NUMBER
Classification number PJ5053.A53
Item number T4
100 1# - MAIN ENTRY--PERSONAL NAME
Personal name Amir-Pinkerfeld, Anda,
Dates associated with a name 1902-1981.
245 10 - TITLE STATEMENT
Title Tehiyot :
Remainder of title shirim.
260 ## - PUBLICATION, DISTRIBUTION, ETC.
Place of publication, distribution, etc. [Tel Aviv] :
Name of publisher, distributor, etc. ʻEḳed,
Date of publication, distribution, etc. [1967]
300 ## - PHYSICAL DESCRIPTION
Extent 54 p. :
Other physical details ill. ;
Dimensions 24 cm.
752 ## - ADDED ENTRY--HIERARCHICAL PLACE NAME
Country or larger entity Israel
City Tel Aviv

No items available.

Powered by Koha